00353nam a2200133Ia 4500008004100000041000800041082001700049100001800066245004300084250001700127260003200144300001200176650003100188231207s9999 xx 000 0 und d aeng a005.133/IV5R aIvar Jacobson aObject - Oriented Software Engineering a2014 2nd Ed. bPenguin books ltd.New Delhi aPB/552/ aComnputer Program Language